000 004290000a22001690004500
041 0 _aENG
082 0 4 _aG 268.53 H9391f
100 1 _aHunt, Lionel A.
245 1 0 _aFruitful child evangelism / Lionel A. Hunt
260 _aChicago., USA : Instituto Moody
300 _a192 Pag
001 8009
942 _cBK
999 _c38208
_d38208
336 _atexto
_btxt
_2rdacontent
337 _2rdamedia
_asin mediación
_bn
338 _2rdacarrier
_avolumen
_bnc